Statistics for Minecraft Structures

Click here to take the quiz!

General Stats

  • This quiz has been taken 31 times
  • The average score is 12 of 24

Answer Stats

Structures% Correct
Village
95%
Jungle Temple
91%
Desert Pyramid
82%
Woodland Mansion
82%
Nether Fortress
77%
Stronghold
77%
Bastion Remnant
68%
Ocean Monument
68%
Ocean Ruins
68%
Pillager Outpost
68%
End City
64%
Ruined Portal
59%
Mineshaft
55%
Desert Well
50%
Dungeon
45%
Shipwreck
41%
Igloo
32%
Swamp Hut
27%
Buried Treasure
18%
Fossil
18%
Nether Fossil
18%
Geode
14%
Iceberg
9%
Forest Rock
5%

Score Distribution

Percentile by Number Answered

Percent of People with Each Score

Your Score History

You have not taken this quiz